000 00694nam a2200241Ia 4500
003 OSt
005 20221006142706.0
006 a|||||r|||| 00| 0
007 ta
008 221006b |||||||| |||| 00| 0 eng d
020 _cY1800
024 _a6,958
037 _bGift, Japan Foundation
_cTextual
040 _aEASL
_cEASL
_beng
041 _2eng
_aeng
082 _aP310m42,1, 111M0
100 _aOHNO Susumu
_9648192
245 0 _aSound correspondences between Tamil and Japanese
260 _aTokyo
_bGakushuin Japan
_c1980
300 _a109p.
_ccm.
942 _hP310m42,1, 111M0
_cTEXL
_2CC
999 _c1075044
_d1075044